|
|
|
|
| LEADER |
00000nam0a2200000 4500 |
| 001 |
355268 |
| 005 |
20231102010757.0 |
| 035 |
|
|
|a (RuTPU)RU\TPU\retro\12527
|
| 090 |
|
|
|a 355268
|
| 100 |
|
|
|a 20200703d1978 m y0rusy50 ca
|
| 101 |
0 |
|
|a rus
|
| 102 |
|
|
|a RU
|
| 105 |
|
|
|a a j 001zy
|
| 200 |
1 |
|
|a Проектирование фундаментов в условиях слабых грунтов
|e учебное пособие
|f А. Н. Кудрявцев, Ю. В. Борзин
|g Рязанский радиотехнический институт
|
| 210 |
|
|
|a Рязань
|c Рязанский радиотехнический ин-т
|d 1978
|
| 215 |
|
|
|a 55 с.
|c ил.
|
| 320 |
|
|
|a Библиогр.: с. 52-53
|
| 606 |
1 |
|
|a Основания и фундаменты
|x Расчет
|x Проектирование
|2 stltpush
|3 (RuTPU)RU\TPU\subj\68928
|9 83991
|
| 610 |
1 |
|
|a учебные пособия
|
| 610 |
1 |
|
|a слабые грунты
|
| 610 |
1 |
|
|a матрицы
|
| 610 |
1 |
|
|a теория матриц
|
| 610 |
1 |
|
|a метод конечных элементов
|
| 610 |
1 |
|
|a фундаментные плиты
|
| 675 |
|
|
|a 624.15.04(075.8)
|v 4
|
| 700 |
|
1 |
|a Кудрявцев
|b А. Н.
|g Анатолий Николаевич
|
| 701 |
|
1 |
|a Борзин
|b Ю. В.
|g Юрий Васильевич
|
| 712 |
0 |
2 |
|a Рязанский радиотехнический институт
|c (1951-1993)
|2 stltpush
|3 (RuTPU)RU\TPU\col\109
|9 23200
|
| 801 |
|
1 |
|a RU
|b 63413507
|c 20200703
|
| 801 |
|
2 |
|a RU
|b 63413507
|c 20201221
|g RCR
|
| 942 |
|
|
|c BK
|